[Event "Nuremberg-ch op 05th"]
[Site "Nuremberg"]
[Date "2005.05.08"]
[Round "5"]
[White "Haeckler, David"]
[Black "Petersammer, Georg"]
[Result "1/2-1/2"]
[WhiteElo "1820"]
[BlackElo "1922"]
[PlyCount "148"]
[EventDate "2005.05.06"]
[EventType "swiss"]
[EventRounds "5"]
[EventCountry "GER"]
[SourceTitle "EXT 2007"]
[Source "ChessBase"]
[SourceDate "2006.11.23"]
[SourceVersion "1"]
[SourceVersionDate "2006.11.23"]
[SourceQuality "1"]

1. e4 e5 2. f4 exf4 3. Nf3 Ne7 4. Bc4 Ng6 5. 0-0 Bb4 6. c3 Ba5 7. d4 0-0 8. a4 c6 9. Ne1 Bc7 10. Nd3 d5 11. exd5 cxd5 12. Bb3 Qg5 13. Rf2 Qh4 14. Nd2 Bg4 15. Nf3 Qh5 16. Qf1 Re8 17. Nb4 Ne7 18. Nd3 g5 19. Nde5 Bf5 20. Qb5 Nbc6 21. Bxd5 Nxe5 22. Nxe5 Nxd5 23. Qxd5 Bxe5 24. dxe5 Rad8 25. Qf3 Rd1+ 26. Rf1 Qxf3 27. gxf3 Rd3 28. h4 h6 29. hxg5 hxg5 30. Kf2 Rxe5 31. Rg1 Bg6 32. Ra3 f6 33. Rb3 Rd7 34. Bxf4 Ra5 35. Be3 Kf7 36. Rb4 Re7 37. Bd4 Bd3 38. Re1 Rd7 39. Rd1 Bc2 40. Rh1 Kg6 41. b3 b6 42. Re1 Rf5 43. Kg2 Bd3 44. Re3 Ba6 45. Kg3 Rh7 46. a5 Rxa5 47. Ra4 Rxa4 48. bxa4 Bc4 49. Re8 Kf5 50. Rf8 Rf7 51. Rxf7 Bxf7 52. a5 bxa5 53. Bxa7 a4 54. Bc5 Bd5 55. Bd6 Ke6 56. Bc5 f5 57. Bb4 Bc4 58. Kf2 Ke5 59. Ke3 Bb5 60. Be7 Ke6 61. Bb4 Kd5 62. Kd2 Kc4 63. Kc2 Bc6 64. Be7 g4 65. fxg4 fxg4 66. Bd6 Bb5 67. Kb2 Kd3 68. Bg3 Bc6 69. Bh4 Ke3 70. Ka3 Kf3 71. Be7 g3 72. Bc5 g2 73. c4 Ke2 74. Kb2 Kd2 1/2-1/2

[Event "Mittelfranken-ch HT 54th"]
[Site "Forchheim"]
[Date "2005.03.26"]
[Round "9"]
[White "Petersammer, Georg"]
[Black "Doerr, Stefan"]
[Result "1-0"]
[WhiteElo "1917"]
[BlackElo "1427"]
[PlyCount "41"]
[EventDate "2005.03.22"]
[EventType "swiss"]
[EventRounds "9"]
[EventCountry "GER"]
[SourceTitle "EXT 2011"]
[Source "ChessBase"]
[SourceDate "2010.11.26"]
[SourceVersion "1"]
[SourceVersionDate "2010.11.26"]
[SourceQuality "1"]

1. e4 e5 2. Nf3 d6 3. Nc3 Bg4 4. h3 Bh5 5. Be2 Nc6 6. Nd5 Nge7 7. Ne3 Bxf3 8. Bxf3 g6 9. c3 Bg7 10. d3 0-0 11. 0-0 Qe8 12. Ng4 Nd8 13. g3 f5 14. Nh6+ Bxh6 15. Bxh6 Rf6 16. Bg5 Rf7 17. Qb3 b6 18. exf5 Nxf5 19. Bxa8 Ne6 20. Bd5 Nxg5 21. Bxf7+ 1-0

[Event "Mittelfranken-ch HT 54th"]
[Site "Forchheim"]
[Date "2005.03.25"]
[Round "8"]
[White "Adler, Herbert"]
[Black "Petersammer, Georg"]
[Result "1-0"]
[WhiteElo "1969"]
[BlackElo "1917"]
[PlyCount "109"]
[EventDate "2005.03.22"]
[EventType "swiss"]
[EventRounds "9"]
[EventCountry "GER"]
[SourceTitle "EXT 2011"]
[Source "ChessBase"]
[SourceDate "2010.11.26"]
[SourceVersion "1"]
[SourceVersionDate "2010.11.26"]
[SourceQuality "1"]

1. d4 d5 2. c4 c6 3. Nc3 Nf6 4. Nf3 e6 5. e3 Bd6 6. Qc2 Nbd7 7. Be2 Nf8 8. e4 dxe4 9. Nxe4 Nxe4 10. Qxe4 Bb4+ 11. Bd2 Qa5 12. Qe5 Bxd2+ 13. Nxd2 Qxe5 14. dxe5 Ng6 15. Nf3 c5 16. Bd3 b6 17. Be4 Rb8 18. g3 Bb7 19. Bxb7 Rxb7 20. Ke2 Ke7 21. Rhd1 Rd7 22. Rxd7+ Kxd7 23. Rd1+ Ke7 24. Ke3 Rc8 25. Ke4 h6 26. Ne1 Nf8 27. f4 f5+ 28. exf6+ gxf6 29. Nf3 Rc7 30. g4 Nh7 31. h3 Rc8 32. Nh4 Nf8 33. f5 e5 34. Ng6+ Kf7 35. Nxf8 Kxf8 36. Rd7 Ke8 37. Rh7 Rd8 38. Rxh6 Rd4+ 39. Ke3 Kf7 40. Rh7+ Kg8 41. Rxa7 Rxc4 42. Rb7 Rb4 43. b3 b5 44. Kf3 c4 45. bxc4 Rxc4 46. Rxb5 Rc3+ 47. Kg2 Rc2+ 48. Kg3 Rxa2 49. Kh4 Rg2 50. Kh5 Kf7 51. Rb7+ Ke8 52. Kg6 Rg3 53. Kxf6 Rxh3 54. g5 e4 55. Re7+ 1-0

[Event "Mittelfranken-ch HT 54th"]
[Site "Forchheim"]
[Date "2005.03.24"]
[Round "6"]
[White "Fischer, Gerd"]
[Black "Petersammer, Georg"]
[Result "1-0"]
[WhiteElo "2121"]
[BlackElo "1917"]
[PlyCount "140"]
[EventDate "2005.03.22"]
[EventType "swiss"]
[EventRounds "9"]
[EventCountry "GER"]
[SourceTitle "EXT 2011"]
[Source "ChessBase"]
[SourceDate "2010.11.26"]
[SourceVersion "1"]
[SourceVersionDate "2010.11.26"]
[SourceQuality "1"]

1. d4 d5 2. Nf3 g6 3. g3 Bg7 4. Bg2 c6 5. Nbd2 Nf6 6. 0-0 0-0 7. Ne5 Nfd7 8. f4 f6 9. Nd3 e5 10. dxe5 fxe5 11. e4 Qb6+ 12. Kh1 exf4 13. exd5 fxg3 14. dxc6 Nxc6 15. Rxf8+ Nxf8 16. hxg3 Ne7 17. Nf1 Be6 18. Be3 Qb5 19. Nc5 Bxb2 20. Nxe6 Nxe6 21. Rb1 Qe5 22. Qd7 Nf8 23. Qa4 Qh5+ 24. Kg1 Bf6 25. Rxb7 Rd8 26. Qc4+ Kg7 27. Rxa7 Qe5 28. a4 Rd1 29. Bf2 Ne6 30. Bf3 Rb1 31. Kg2 Ng5 32. Nd2 Rc1 33. Nb3 Qf5 34. Bg4 Qxc2 35. Rxe7+ Bxe7 36. Qd4+ Bf6 37. Qd7+ Kh6 38. Nxc1 Qxc1 39. Qc8 Qxc8 40. Bxc8 Ne4 41. Be3+ Bg5 42. Bb6 Bd2 43. a5 Bxa5 44. Bxa5 Nd6 45. Be6 Kg5 46. Bd8+ Kh6 47. Kf3 Kg7 48. Be7 Nb5 49. Bc4 Nd4+ 50. Kf4 h6 51. Bb4 Nc6 52. Bc3+ Kh7 53. Bd3 Ne7 54. Ke5 h5 55. Ke6 Ng8 56. Kf7 Nh6+ 57. Kf6 h4 58. Bxg6+ Kg8 59. gxh4 Ng4+ 60. Kg5 Nh2 61. Be4 Nf1 62. Bf3 Ng3 63. h5 Kh7 64. Bd5 Nf5 65. Be4 Kg8 66. Bxf5 Kf7 67. h6 Ke7 68. h7 Kf7 69. h8Q Ke7 70. Qh7+ Kf8 1-0

[Event "Mittelfranken-ch HT 54th"]
[Site "Forchheim"]
[Date "2005.03.22"]
[Round "1"]
[White "Petersammer, Georg"]
[Black "Meyer, Juergen1111"]
[Result "1-0"]
[WhiteElo "1917"]
[BlackElo "1772"]
[PlyCount "69"]
[EventDate "2005.03.22"]
[EventType "swiss"]
[EventRounds "9"]
[EventCountry "GER"]
[SourceTitle "EXT 2011"]
[Source "ChessBase"]
[SourceDate "2010.11.26"]
[SourceVersion "1"]
[SourceVersionDate "2010.11.26"]
[SourceQuality "1"]

1. d4 f5 2. c3 e6 3. Nf3 Nf6 4. Bg5 Be7 5. Nbd2 d5 6. e3 0-0 7. Qb3 Nbd7 8. Be2 c5 9. Bb5 c4 10. Qd1 Nb6 11. Ne5 Bd7 12. Bxd7 Nbxd7 13. Ndf3 Ne4 14. Bxe7 Qxe7 15. Nxd7 Qxd7 16. Ne5 Qe7 17. 0-0 f4 18. f3 Nd6 19. exf4 Rxf4 20. Qd2 Rf6 21. Rfe1 Nf7 22. Ng4 Rg6 23. Ne5 Nxe5 24. Rxe5 Qd7 25. Rae1 Re8 26. f4 Rf6 27. g3 Qf7 28. Qe2 Kf8 29. Qc2 Kg8 30. Qa4 Qg6 31. Rg5 Qf7 32. Rxd5 Rc8 33. Rde5 a6 34. d5 b5 35. Qxa6 1-0

[Event "Mittelfranken-chT 0405"]
[Site "Germany"]
[Date "2005.03.13"]
[Round "7.2"]
[White "Koschka, Robert"]
[Black "Petersammer, Georg"]
[Result "1/2-1/2"]
[WhiteElo "1844"]
[BlackElo "1923"]
[PlyCount "81"]
[EventDate "2004.10.17"]
[EventType "team"]
[EventRounds "9"]
[EventCountry "GER"]
[SourceTitle "EXT 2007"]
[Source "ChessBase"]
[SourceDate "2006.11.23"]
[SourceVersion "1"]
[SourceVersionDate "2006.11.23"]
[SourceQuality "1"]

1. e4 c5 2. f4 Nc6 3. Nc3 d6 4. g3 g6 5. Bg2 Bg7 6. Nf3 Bg4 7. h3 Bd7 8. d3 Nd4 9. Ne2 e5 10. c3 Nxf3+ 11. Bxf3 Ne7 12. g4 Qc8 13. f5 h5 14. Be3 Qc7 15. Qd2 hxg4 16. hxg4 Rxh1+ 17. Bxh1 0-0-0 18. c4 Rh8 19. Bf3 Rh3 20. Ng1 Rh7 21. Ne2 Rh2 22. Bg1 Rh7 23. Be3 a6 24. Nc3 Bc6 25. Nd5 Nxd5 26. cxd5 Be8 27. Rc1 gxf5 28. exf5 Kb8 29. b4 b6 30. bxc5 bxc5 31. Rb1+ Ka7 32. Be4 Rh3 33. g5 Bb5 34. Kf1 Qc8 35. Rxb5 axb5 36. Qa5+ Kb7 37. Qxb5+ Ka7 38. Qa5+ Qa6 39. Qc7+ Qb7 40. Qa5+ Kb8 41. Qd8+ 1/2-1/2

[Event "Seebach op 15th"]
[Site "Grossenseebach"]
[Date "2004.06.17"]
[Round "7"]
[White "Hertrich, Werner"]
[Black "Petersammer, Georg"]
[Result "0-1"]
[WhiteElo "1733"]
[BlackElo "1898"]
[PlyCount "42"]
[EventDate "2004.06.17"]
[EventType "swiss"]
[EventRounds "7"]
[EventCountry "GER"]
[SourceTitle "EXT 2018"]
[Source "ChessBase"]
[SourceDate "2017.10.13"]
[SourceVersion "1"]
[SourceVersionDate "2017.10.13"]
[SourceQuality "1"]

1. Nf3 g6 2. g3 b6 3. Bg2 Bb7 4. 0-0 c5 5. d3 Bg7 6. Nbd2 Nf6 7. e4 0-0 8. Ne1 e5 9. f4 d6 10. Nc4 Qc7 11. Nf3 Nfd7 12. Ne3 exf4 13. gxf4 Nf6 14. Nh4 Nc6 15. c3 Qd8 16. Qe1 Rc8 17. Bf3 Ba6 18. c4 Nd4 19. Bd1 Bb7 20. Qg3 Kh8 21. Kf2 Bxe4 0-1